000 00811cam a22002411 4500
001 l 30000161
003 DLC
005 20260227111533.0
008 830613s1930 dcuab 000 0 eng
010 _al 30000161
035 _a(OCoLC)16744730
040 _aDLC
_cOrPS
_dOCoLC
_dDLC
042 _apremarc
043 _an-us-pa
050 0 0 _aHD8051
_b.A62 no. 520
100 1 _aDewhurst, James Frederic,
_d1895-1967,
245 1 0 _aSocial and economic character of unemployment in Philadelphia, April, 1929,
260 _aWashington,
_bU.S. Govt. print. off.,
_c1930.
300 _avi, 51 p.
_bincl. tables, maps, diagr.
_c23 cm.
650 0 _aUnemployed
_zPennsylvania
_zPhiladelphia.
700 1 _aTupper, Ernest Allen,
_d1902-
_ejoint author.
710 2 _aWharton School.
_bIndustrial Research Department.
999 _c35992
_d35992